Statistiken für Englischsprachige Länder Quiz

Klicken Sie hier um das Quiz zu spielen!

Allgemein

  • Dieses Quiz wurde 21.204 mal gespielt
  • Das Durchschnittsergebnis liegt bei 9 aus 17

Antwortstatistiken

%Land% Korrekt
80.6Vereinigte Staaten
99%
92.1Vereinigtes Königreich
98%
56.9Kanada
91%
93.2Irland
89%
70.2Australien
85%
85.9Neuseeland
77%
95.8Jamaika
43%
78.7Bahamas
40%
93.9Barbados
34%
78.0St. Kitts und Nevis
33%
95.0St. Vincent und die Grenadinen
32%
87.7Trinidad und Tobago
31%
77.6Antigua und Barbuda
28%
90.9Grenada
28%
63.1Belize
22%
92.2Nauru
18%
86.6Guyana
14%

Verteilung der Resultate

Perzentil nach korrekt beantworteten Fragen

Anzahl Personen mit jedem Resultat

Ihre Resultats-Entwicklung

Sie haben dieses Quiz noch nicht gespielt